A casual commentary /

Bibliographic Details
Main Author: Macaulay, Rose, 1881-1958
Format: Book
Language:English
Published: New York : Boni & Liveright, 1926.

MARC

Tag First Indicator Second Indicator Subfields
LEADER 00000cam a2200000 a 4500
001 in00000084990
005 20151008054437.0
008 751007s1926 nyu 00010 eng
010 |a  26010827  
035 |a (OCoLC)01682242 
035 |9 AAJ0681AM 
040 |a DLC  |c GJG  |d TXA  |d UtOrBLW 
049 |a TXAM  |c [1167160] 
090 |a PR6025.A16  |b C3 1926 
100 1 |a Macaulay, Rose,  |d 1881-1958. 
245 1 2 |a A casual commentary /  |c by Rose Macaulay. 
264 1 |a New York :  |b Boni & Liveright,  |c 1926. 
300 |a vi, 238 pages ;  |c 19 cm. 
336 |a text  |b txt  |2 rdacontent 
337 |a unmediated  |b n  |2 rdamedia 
338 |a volume  |b nc  |2 rdacarrier 
999 |a MARS 
999 f f |s 1bfac852-fc02-353c-8698-dd8ca5676f60  |i 52e947d4-4f02-3a96-8418-46029f3af825  |t 0 
952 f f |p normal  |a Texas A&M University  |b College Station  |c Sterling C. Evans Library  |d Evans: Library Stacks  |t 0  |e PR6025.A16 C3 1926  |h Library of Congress classification  |i unmediated -- volume  |m A14806186893 
998 f f |a PR6025.A16 C3 1926  |t 0  |l Evans: Library Stacks